Statistiques concernant Langues les plus proches de l'Espagnol

Cliquez ici pour prendre le quiz!

Statistiques générales

  • Ce quiz a été pris 356 fois
  • Le résultat moyen est 5 sur 11

Statistiques - réponses

IndiceLangue% Correct
37,1Français
97%
19,4Portugais
97%
16,1Italien
96%
25,5Catalan
72%
38,2Roumain
55%
25,0Latin
51%
27,4Romanche
27%
51,0Suédois
10%
51,1Slovaque
4%
51,1Tchèque
4%
48,7Lituanien
1%

Distribution des résultats

Percentile par nombre de réponses

% des personnes avec chaque résultat

Votre développement - résultats

Vous n’avez pas pris ce quiz